000
00335nam a2200133 a 4500
005
20140513081052.0
008
030203s19uu xx 00 eng d
050
_a
P 030
_b
WON 2000
245
_a
Wonders of the world.
260
_b
Mabuahy Boardgames,
_c
2002.
300
_a
Poster
650
_a
Worlds famous--Posters
999
_c
116367
_d
116367